Memorias de la Academia de Buenas Letras de Barcelona. (Record no. 182107)

MARC details
000 -LEADER
campo de control de longitud fija 01029nas a2200265 i 4500
001 - NÚMERO DE CONTROL
campo de control 182107
003 - IDENTIFICADOR DE NÚMERO DE CONTROL
campo de control ES-MaACL
005 - FECHA Y HORA DE LA ÚLTIMA TRANSACCIÓN
campo de control 20250217134906.0
008 - DATOS DE LONGITUD FIJA--INFORMACIÓN GENERAL
campo de control de longitud fija 130605d17562000sp a| | ||pa d
022 ## - NÚMERO INTERNACIONAL NORMALIZADO PARA PUBLICACIONES SERIADAS
Número Internacional Normalizado para Publicaciones Seriadas 0213-9499
080 ## - NÚMERO DE LA CLASIFICACIÓN DECIMAL UNIVERSAL
Número de la Clasificación Decimal Universal 008
245 00 - MENCIÓN DEL TÍTULO
Título Memorias de la Academia de Buenas Letras de Barcelona.
260 ## - PUBLICACIÓN, DISTRIBUCIÓN, ETC.
Lugar de publicación, distribución, etc. Barcelona :
Nombre del editor, distribuidor, etc. [La Academia],
Fecha de publicación, distribución, etc. 1756-2000.
300 ## - DESCRIPCIÓN FÍSICA
Extensión 4 v. ;
Dimensiones 25 cm.
310 ## - PERIODICIDAD ACTUAL
Periodicidad actual Irregular
362 0# - FECHAS DE PUBLICACIÓN Y/O DESIGNACIÓN SECUENCIAL
Fecha de publicación y/o designación secuencial T. 1 (1756)-t. 25 (2000)
500 ## - NOTA GENERAL
Nota general El t. 1 publicado con el tít.: Real Academia de Buenas Letras de la ciudad de Barcelona : origen, progressos y su primera Junta General ...
500 ## - NOTA GENERAL
Nota general Variaciones en la imprenta.
500 ## - NOTA GENERAL
Nota general A partir de 1887: Memorias de la Real Academia de Buenas Letras de Barcelona.
500 ## - NOTA GENERAL
Nota general A partir de 1928, los números son monográficos.
710 2# - ENTRADA AGREGADA--NOMBRE DE ENTIDAD CORPORATIVA
Nombre de entidad corporativa o nombre de jurisdicción como elemento de entrada Reial Acadèmia de Bones Lletres de Barcelona.
9 (RLIN) 176228
852 ## - LOCALIZACIÓN
Ubicación ES-MaACL
Número de control de estantería C-2404-07
866 #0 - MENCIÓN TEXTUAL DE FONDOS--UNIDAD BIBLIOGRÁFICA BÁSICA
Fondos 1756 (tomo 1), 1868 (tomo 2), 1880 (tomo 3), 1972 (tomo 14).
Holdings
Estatus retirado Estado de pérdida Estado de daño No para préstamo Colección Biblioteca de origen Biblioteca actual Ubicación en estantería Fecha de adquisición Fuente de adquisición Total de préstamos Signatura topográfica completa Código de barras Visto por última vez Precio de reemplazo Tipo de ítem Koha
        Periódicos y Revistas Biblioteca del Ateneo de Madrid Biblioteca del Ateneo de Madrid Sala Palomar 05/06/2013     C-2404-07 1191370 23/02/2023 23/02/2023 Revista